• 首页
  • 本馆介绍
  • 公告通知
  • 最新文献
  • 馆藏检索
  • 电子资源
  • 读者导购
  • 参考咨询
  • 我的图书馆
  • 登录
  • 详细信息显示
  • 放入我的书架
  • 预约/预借图书
  • 作者相关作品
  • 分类相关作品
  • 丛书相关作品
  • 出版社相关作品

书目信息

  • 表格格式
  • 工作单格式
  • 卡片格式
题名:
现代西方哲学
    
 
作者: 刘放桐 编著
分册:  
出版信息: 北京   人民出版社  1981.06
页数: 722页
开本: 21cm
丛书名:
单 册:
中图分类: B15
科图分类:
主题词: 哲学--世界--现代
电子资源:
ISBN:
000 00563nam0 2200205 45
001 0306240974
005 20050321081811.2
010    @dCNY2.25
091    @a2001.203
100    @a20030624d1981 km y0chiy0120 ea
101 0  @achi
105    @a z 000yy
200 1  @a现代西方哲学@AXian Dai Xi Fang Zhe Xue@f刘放桐等编著@FLiu Fang Tong Deng Bian Zhu
210    @a北京@c人民出版社@d1981.06
215    @a722页@d21cm
606 0  @a哲学@x世界@x现代
690    @aB15@v3
701  0 @a刘放桐@4编著
801    @aCN@bTSTC@c20030916
905    @dB15@e1@f1@b176736@f1@b156566
    
    现代西方哲学/刘放桐等编著.-北京:人民出版社,1981.06
    722页;21cm
    
    
    ISBN :CNY2.25
    
●
相关链接 在E读中查询图书 在五车中查询图书 在当当中查询图书 在豆瓣中查询图书


正题名:现代西方哲学     索取号:B15/1         预约/预借

序号 登录号 条形码 馆藏地/架位号 状态 备注
1 0044323   001831352   密集书库/ [索取号:B15/1] 在馆    
2 0044324   001124296   密集书库/ [索取号:B15/1] 在馆    
3 0156565   001843349   密集书库/ [索取号:B15/1] 在馆    
4 0156566   001994541   密集书库/ [索取号:B15/1] 在馆    
5 0156567   001843330   密集书库/ [索取号:B15/1] 在馆    
6 0156568   001843376   密集书库/ [索取号:B15/1] 在馆    
7 0176736   001994505   密集书库/ [索取号:B15/1] 在馆    
8 0176737   001124287   密集书库/ [索取号:B15/1] 在馆    
9 0176738   001124278   密集书库/ [索取号:B15/1] 在馆    
10 0176739   001843385   密集书库/ [索取号:B15/1] 在馆    
唐山师范学院图书馆 欢迎您!
大连网信软件有限公司© 版权所有